Statistiken für Länder nach ehemaligem Namen

Klicken Sie hier um das Quiz zu spielen!

Allgemein

  • Dieses Quiz wurde 789 mal gespielt
  • Das Durchschnittsergebnis liegt bei 12 aus 20

Antwortstatistiken

Alter Name Aktueller Name % Korrekt
PersienIran
93%
BöhmenTschechien
87%
MazedonienNordmazedonien
86%
SiamThailand
81%
ZaireD. R. Kongo
79%
CeylonSri Lanka
78%
OstpakistanBangladesch
75%
Niederländisch-GuayanaSuriname
73%
Niederländisch-OstindienIndonesien
72%
Britisch-HondurasBelize
62%
SüdrhodesienSimbabwe
60%
SwasilandEswatini
60%
NordrhodesienSambia
52%
AbessinienÄthiopien
50%
GoldküsteGhana
43%
FormosaTaiwan
43%
ObervoltaBurkina Faso
37%
NeuhollandAustralien
29%
NjassalandMalawi
25%
Neue HebridenVanuatu
16%

Verteilung der Resultate

Perzentil nach korrekt beantworteten Fragen

Anzahl Personen mit jedem Resultat

Ihre Resultats-Entwicklung

Sie haben dieses Quiz noch nicht gespielt